Revisiting readings in Philippine history / Aldrin P. Baes, Joether A. Francisco. (Record no. 21308)

000 -LEADER
fixed length control field 00520nam a22001577a 4500
020 ## - INTERNATIONAL STANDARD BOOK NUMBER
ISBN 9789719655602
082 ## - DEWEY DECIMAL CLASSIFICATION NUMBER
Classification number 959.9
Item number B142 2023
100 ## - MAIN ENTRY--AUTHOR NAME
Personal name Baes, Aldrin P., author.
245 ## - TITLE STATEMENT
Title Revisiting readings in Philippine history / Aldrin P. Baes, Joether A. Francisco.
260 ## - PUBLICATION, DISTRIBUTION, ETC. (IMPRINT)
Place of publication Manila :
Name of publisher Mindshapers Co., Inc.,
Year of publication ©2023.
300 ## - PHYSICAL DESCRIPTION
Number of Pages ix, 215 pages :
Other physical details illustrations ; 26 cm
500 ## - GENERAL NOTE
General note Includes bibliographical references.
650 ## - SUBJECT ADDED ENTRY--TOPICAL TERM
Topical Term Philippines -- History.
700 ## - ADDED ENTRY--PERSONAL NAME
Personal name Francisco, Joether A.
942 ## - ADDED ENTRY ELEMENTS (KOHA)
Koha item type Books
Holdings
Source of acquisition Permanent Location Date acquired Koha item type Collection code Accession Number Lost status Shelving location Withdrawn status Current Location Full call number
SchoolCagayan State University - Carig Library2025-08-28BooksFilipiniana011078 General Collection Cagayan State University - Carig Library959.9 B142 2023
SchoolCagayan State University - Carig Library2025-08-28BooksFilipiniana011079 General Collection Cagayan State University - Carig Library959.9 B142 2023
SchoolCagayan State University - Carig Library2025-08-28BooksFilipiniana011080 General Collection Cagayan State University - Carig Library959.9 B142 2023

Cagayan State University University Library, Carig Campus
Tuguegarao City, Cagayan 3500 | www.csucarig.edu.ph

Powered by Koha